000
00223nam a2200097Ia 4500
008
190216s9999||||xx |||||||||||||| ||und||
100
_a
Null
245
0
_a
Hindi-Aas Pass Jith Hamem
260
_b
Saraswathi Press
942
_c
BK
999
_c
16972
_d
16972